000 00877nam a22002537a 4500
003 UA-OsUOA
001 36458
007 ta
008 20060126b un ||||| |||| 00| 0 ukr d
090 _a82
_bВ11
942 _cMG
040 _aUA-OsUOA
_bukr
_cUA-OsUOA
_dUA-OsUOA
245 _aВсесвітня література в середніх навчальних закладах України
_bЗасновник Міністерство освіти і науки України
_cГол. ред. Ненько І. Я.
300 _a64 с.
955 _a2
041 _aukr
080 _a82
260 _aК.
_bПедагогічна преса
246 3 1 _aЩомісячний науково-методичний журнал
_n
044 _aUA
962 _a1976
099 _a74426
650 7 _a82 Література. Літературознавство
_2UDC
999 _c322695
_d322695